Seeking direction (Record no. 81434)
[ view plain ]
| 000 -LEADER | |
|---|---|
| fixed length control field | 01017cab a22001935a 4500 |
| 001 - CONTROL NUMBER | |
| control field | L147211 |
| 008 - FIXED-LENGTH DATA ELEMENTS--GENERAL INFORMATION | |
| fixed length control field | 090416e20090411xxk f 000 0 eng d |
| 035 ## - SYSTEM CONTROL NUMBER | |
| System control number | (Sirsi) u147211 |
| 041 0# - LANGUAGE CODE | |
| Language code of text/sound track or separate title | eng |
| 100 1# - MAIN ENTRY--PERSONAL NAME | |
| Personal name | Partridge, Charles |
| 245 00 - TITLE STATEMENT | |
| Title | Seeking direction |
| 260 ## - PUBLICATION, DISTRIBUTION, ETC. | |
| Date of publication, distribution, etc. | 2009 |
| 490 #0 - SERIES STATEMENT | |
| Series statement | Estates Gazette |
| Volume/sequential designation | (0914) 11 April 2009, 76-78(2) |
| 520 ## - SUMMARY, ETC. | |
| Summary, etc. | Reveals that Revenue and Customs is undertaking its framework review of the performance of the Valuation Office Agency (VOA). Argues that the ratings process for council tax as a system for raising taxes is outdated and needs to be simplified and more transparent. Explains why the current system is not working as it should. Comments on VOA led initiatives, including ratepayer forums, the publication of online rating lists and summary valuations, and the electronic storage and transmission of documents. |
| 590 ## - LOCAL NOTE (RLIN) | |
| Local note | KA |
| 651 #4 - SUBJECT ADDED ENTRY--GEOGRAPHIC NAME | |
| Geographic name | United Kingdom |
| Chronological subdivision | |
| 690 ## - LOCAL SUBJECT ADDED ENTRY--TOPICAL TERM (OCLC, RLIN) | |
| Topical term or geographic name as entry element | PROPERTY-COMMERCIAL PROPERTY-COMMERCIAL PROPERTY TAXATION-BUSINESS RATES |
| 942 ## - ADDED ENTRY ELEMENTS (KOHA) | |
| Suppress in OPAC | 0 |
| Withdrawn status | Lost status | Source of classification or shelving scheme | Damaged status | Not for loan | Home library | Current library | Shelving location | Date acquired | Total Checkouts | Full call number | Barcode | Date last seen | Copy number | Price effective from | Koha item type |
|---|---|---|---|---|---|---|---|---|---|---|---|---|---|---|---|
| Dewey Decimal Classification | London | London | Journal article | 16/04/2009 | L147211 | 147211-1001 | 06/08/2019 | 1 | 06/08/2019 | Journal article |